Les prénoms des enfoirés - Restos du coeur - Statistiques

Statistiques générales
  • Ce quiz a été pris 146 fois
  • Le résultat moyen est 89 sur 156
Statistiques - réponses
Prénom Indice Réponse % Correct
A Amel Chanteuse Bent
96%
K Kendji Chanteur Girac
89%
K Kev Acteur Adams
88%
K Kad Acteur Merad
88%
M Michaël / Michael Chanteur / Acteur Goldman | Jones | Youn
87%
K Kylian Sportif Mbappé
87%
A Axelle Chanteuse Red
87%
P Patrick Chanteur / Acteur / Danseur / Humoriste Bruel | Chesnais | Dupond | Fiori | Juvet | Sébastien | Timsit
86%
C Claudio Chanteur Capéo
85%
Z Zinédine Zidane
84%
J Joyce Chanteuse Jonathan
83%
M Mimie Actrice Mathy
83%
J Jean-Jacques Chanteur / Musicien Goldman | Milteau
82%
N Nolwenn Chanteuse Leroy
82%
C Chimène Chanteuse Badi
81%
A Alain Sportif / Humoriste / Acteur / Chanteur Bernard | Boghossian | Chabat | Delon | Lanty | Souchon
81%
C Céline Chanteuse Dion
81%
L Lara Chanteuse Fabian
81%
N Natasha Chanteuse St-Pier
81%
Y Yannick Sportif Agnel | Noah
80%
D Didier Acteur / Sportif Bourdon | Deschamps
80%
C Camélia Chanteuse Jordana
80%
E Elie Humoriste Kakou | Semoun
80%
F Florent Chanteur Pagny
79%
I Inès Humoriste Reg
79%
J Jean-Marie Humoriste Bigard
78%
D Dany Acteur / Chanteur Boon | Brillant
78%
S Sébastien Sportif Chabal | Loeb
78%
J Jean-Louis Chanteur Aubert
77%
F Francis Chanteur Cabrel
77%
M Muriel Actrice Robin
76%
C Claire Danseuse / Actrice Francisci-Ducret | Keim | Nadeau
75%
V Vanessa Chanteuse Paradis
75%
M Monica Actrice Bellucci
74%
D David Sportif / Chanteur Douillet | Hallyday
74%
T Thomas Chanteur / Spationaute Dutronc | Pesquet
74%
G Gad Acteur Elmaleh
74%
F France Chanteuse Gall
74%
R Renan Chanteur Luce
74%
M Mireille Chanteuse Mathieu
74%
E Emmanuel Chanteur / Sportif Moire | Petit
74%
J Jeff Humoriste Panacloc
74%
A Ary Acteur Abittan
73%
J Julien Acteur / Chanteur Arrutti | Clerc
73%
C Carla Chanteuse Bruni
73%
E Etienne Chanteur Daho
73%
L Liane Chanteuse Foly
73%
P Patricia Chanteuse Kaas
73%
M Marc Chanteur / Danseur Lavoine | Moreau
73%
H Helena / Hélène Actrice / Chanteuse Noguerra | Ségara
73%
V Véronic / Véronique Humoriste / Chanteuse Dicaire | Sanson
72%
Z Zlatan Ibrahimovic
72%
S Serge Chanteur Lama | Reggiani
72%
P Pascal Acteur / Chanteur Légitimus | Obispo
72%
B Bixente Sportif Lizarazu
72%
G Gaëtan Chanteur Roussel
72%
J Josiane Actrice Balasko
71%
M Michel Acteur / Journaliste / Chanteur / Sportif Blanc | Drucker | Fugain | Leeb | Platini | Sardou
70%
B Basile Sportif Boli
70%
T Tina Chanteuse Arena
69%
L Laurent Humoriste / Sportif | Chanteur Baffie | Blanc | Voulzy
69%
C Catherine Actrice / Chanteuse Deneuve | Lara
68%
E Eddy Chanteur Mitchell
68%
A Annie Chanteuse Cordy
67%
C Christophe Sportif / Chanteur Dugarry | Maé | Willem
67%
A Antoine Sportif Dupont
67%
J José Acteur Garcia
67%
A Aimé Sélectionneur sportif Jacquet
67%
T Tony Sportif Parker
67%
R Roch Chanteur Voisine
67%
O Ophélie Chanteuse Winter
67%
C Charles Chanteur Aznavour
66%
J Jérémy Chanteur Frérot
65%
M Michèle Actrice Laroque
65%
M Maxime Chanteur Le Forestier
65%
H Hugues Chanteur Aufray
64%
A Arielle Actrice Dombasle
64%
L Lilian Sportif Thuram
64%
E Eric Sportif / Danseur Cantona | Vu-An
63%
G Gérard Acteur Darmon | Jugnot
63%
A Arnaud Acteur Ducret
63%
A Axel Chanteur Bauer
62%
I Isabelle Chanteuse / Actrice Boulay | Nanty
62%
F Franck / Frank Sportif Ribéry | Leboeuf
62%
J Jean-Marc Danseur Généreux
61%
T Tarek Acteur Boudali
60%
A Amandine Sportive Henry
60%
J Jane Chanteuse Birkin
58%
G Gérald Chanteur De Palmas
58%
C Camille Sportif Lacourt
58%
F Fabien Sportif Barthez | Gilot
57%
L Laetitia Mannequin Casta
57%
C Charlotte Actrice Gainsbourg
57%
N Nana Chanteuse Mouskouri
56%
D Dick Chanteur Rivers
56%
F Fanny Actrice Ardant
55%
P Pierre Humoriste Palmade
55%
C Carole Actrice / Chanteuse Bouquet | Fredericks
54%
Y Yves Humoriste / Chanteur Lecoq | Montand | Simon
54%
L Lorie Chanteuse Pester
54%
S Sofia Chanteuse Essaïdi
52%
E Estelle Mannequin Lefebure
52%
J Julie Chanteuse Zenattti
50%
E Emmanuelle Actrice Béart
49%
F Frédéric Acteur / Chanteur Diefenthal | François
49%
P Philippe Acteur / Chanteur Lacheau | Lavil
49%
T Thierry Acteur Lhermitte
49%
A Alice Actrice Pol | Taglioni
49%
R Richard Acteur / Chanteur Anconina | Berry | Cocciante
48%
N Nicolas Humoriste Canteloup
48%
V Valérie Actrice Lemercier
48%
N Nathalie Actrice Baye
46%
S Salvatore Chanteuse Adamo
45%
C Chantal Actrice Lauby
45%
K Khadja Chanteuse Nin
45%
F Fabrice Acteur Luchini
44%
G Gilbert Chanteur Bécaud
42%
J Jean Ecrivain / Acteur d'Ormesson | Reno
42%
B Bafétimbi Sportif Gomis
42%
C Christian Sportif Karembeu
41%
S Sophie Actrice Marceau
41%
B Bernard Acteur Campan
38%
S Stephan Chanteur Eicher
37%
M Martin Acteur Lamotte
37%
M Malik Acteur Bentalha
35%
M Marie-Agnès Danseur Gillot
35%
S Sandrine Actrice Kiberlain
35%
D Daniel Chanteur Lévi
35%
A Anne Chanteuse Sila
34%
D Dominique Acteur Farrugia
32%
L Luc Parolier Plamondon
32%
A Amaury Sportif Leveaux
31%
G Guy Sportif Roux
31%
E Elsa Chanteuse Lunghini
27%
R Romane Actrice Bohringer
25%
J Jean-Claude Acteur Brialy
25%
K Karen Mannequin Mulder
25%
R Renaud Musicien / Chanteur Capuçon | Hantson
24%
G Grégory Sportif Coupet
21%
P Philippine Chanteuse Lavrey
21%
D Diane Chanteuse Dufresne
20%
M Mia Chanteuse Frye
20%
J Jocelyne Chanteuse Béroard
18%
M Marius Acteur Colucci
18%
F François Acteur Damiens
18%
M Mathieu Chanteur Pokora
17%
P Paul Chanteur Personne
16%
P Pauline Sportive / Actrice Déroulède | Lefèvre
15%
M Maryse Animatrice Gildas
14%
G Germain Danseur Louvet
13%
C Coumba Chanteuse Gawlo
11%
C Caroline Actrice Cellier
9%
Y Yvon Danseur Demol
8%
P Peter Chanteur Kingsbery
7%
V Vincent Danseur Chaillet
4%
D Daniela Mannequin de Jesus Cosio
4%
Aucun quiz correspondant
Distribution des résultats
% des personnes avec chaque résultat
Percentile par nombre de réponses
Votre historique - résultats
Vous n’avez pas pris ce quiz